书目信息 |
| 题名: |
全国英语等级考试教程
|
|
| 作者: | 武尊民 主编 | |
| 分册: | 1 | |
| 出版信息: | 北京 外语教学与研究出版社 2003.5 |
|
| 页数: | 350页 | |
| 开本: | 26cm | |
| 丛书名: | ||
| 单 册: | ||
| 中图分类: | H310.42 | |
| 科图分类: | ||
| 主题词: | 英语--水平考试--自学参考资料 | |
| 电子资源: | ||
| ISBN: | 7-5600-3037-8 | |
| 000 | 00733nam0 2200229 45 | |
| 001 | 012004000000 | |
| 005 | 20041203101911.46 | |
| 010 | @a7-5600-3037-8@dCNY 24.90 | |
| 100 | @a20041009d2003 em y0chiy0121 ea | |
| 101 | 0 | @achi@aeng |
| 102 | @aCN@b110000 | |
| 105 | @aa z 000yy | |
| 200 | 1 | @a全国英语等级考试教程@Aquan guo ying yu deng ji kao shi jiao cheng@dPublic English test system@h1@f武尊民主编@zeng |
| 210 | @a北京@c外语教学与研究出版社@d2003.5 | |
| 215 | @a350页@c图@d26cm | |
| 320 | @a本书含附录 | |
| 510 | 1 | @aPublic English test system@zeng |
| 606 | 0 | @a英语@x水平考试@j自学参考资料 |
| 690 | @aH310.42@v4 | |
| 701 | 0 | @a武尊民@Awu zun min@4主编 |
| 801 | 0 | @aCN@bQSSKt@c20041203 |
| 905 | @a10447@dH310.42@eW990:1 | |
| 全国英语等级考试教程=Public English test system.1/武尊民主编.-北京:外语教学与研究出版社,2003.5 |
| 350页:图;26cm |
| ISBN 7-5600-3037-8:CNY 24.90 |
| ● |
| 相关链接 |
|
|
|
正题名:全国英语等级考试教程
索取号:H310.42/W990:1
 
预约/预借
| 序号 | 登录号 | 条形码 | 馆藏地/架位号 | 状态 | 备注 |
| 1 | 429995 | 204299954 | 语言库209/209语言库 98排1列3层/ [索取号:H310.42/W990:1] | 在馆 | |
| 2 | 429996 | 204299963 | 语言库209/209语言库 98排1列3层/ [索取号:H310.42/W990:1] | 在馆 | |
| 3 | 429997 | 204299972 | 语言库209/209语言库 98排1列3层/ [索取号:H310.42/W990:1] | 在馆 |